Crímenes de odio por homofobia (Registro nro. 437019)

Detalles MARC
000 -LÍDER
Campo fijo de descripción fija 01017nam a22002897a 4500
003 - IDENTIFICADOR DEL NÚMERO DE CONTROL
Campo de control BCEG
005 - FECHA Y HORA DE LA ULTIMA TRANSACCIÓN
control field 20260128174527.0
008 - ELEMENTOS DE LONGITUD FIJA -- INFORMACIÓN GENERAL
Campo fijo de descripción fija -- Información general 260116r2010 mx |||||||||||||||||spa d
020 ## - ISBN
Isbn 9786074773330 (UAM)
020 ## - ISBN
Isbn 9786077519805 (EÓN)
040 ## - FUENTE DE CATALOGACIÓN
Agencia de catalogación original BCEG
Idioma de catalogación spa
Agencia que realiza la transcripción BCEG
082 ## - NÚMERO DE CLASIFICACIÓN DECIMAL DEWEY
Número de clasificación 306.766
Clave de autor-Numero de item R696c
100 1# - ASIENTO PRINCIPAL--NOMBRE PERSONAL
Nombre del autor personal Rodríguez Ortiz, Efraín,
Fechas asociadas con el nombre 1959-.
245 10 - TÍTULO PROPIAMENTE DICHO
Título Crímenes de odio por homofobia
Otra información sobre el título - Subtitulo : los otros asesinatos de Ciudad Juárez.
260 ## - PUBLICACIÓN, DISTRIBUCIÓN, ETC. (PIE DE IMPRENTA)
Lugar de publicación, distribución, etc. México :
Nombre del editor, distribuidor, etc. Universidad Autónoma Metropolitana : Eón,
Fecha de publicación, distribución, etc. 2010.
300 ## - DESCRIPCIÓN FÍSICA
Extensión 187 p.
490 ## - MENCIÓN DE SERIE
Mención de serie Eón Sociales.
490 ## - MENCIÓN DE SERIE
Mención de serie Diversidad sin Violencia ;
Designación numérica/secuencial del volumen 2.
504 ## - NOTA DE BIBLIOGRAFÍA, ETC.
Nota de bibliografía, etc Incluye bibliografía.
650 14 - ASIENTO SECUNDARIO DE MATERIA - TERMINO TEMÁTICO
Término temático o nombre geográfico como elemento de entrada Homofobia
Subdivisión general Aspectos sociales
Subdivisión geográfica Ciudad Juárez (Chihuahua, México).
650 14 - ASIENTO SECUNDARIO DE MATERIA - TERMINO TEMÁTICO
Término temático o nombre geográfico como elemento de entrada Crímenes de odio
Subdivisión geográfica Ciudad Juárez (Chihuahua, México).
650 14 - ASIENTO SECUNDARIO DE MATERIA - TERMINO TEMÁTICO
Término temático o nombre geográfico como elemento de entrada Discriminación sexual.
700 1# - ASIENTO SECUNDARIO - NOMBRE PERSONAL
Nombre personal Melgoza Valdivia, Javier,
Función o responsabilidad del autor coord.
700 1# - ASIENTO SECUNDARIO - NOMBRE PERSONAL
Nombre personal Ravelo Blancas, Patricia,
Función o responsabilidad del autor coord.
700 1# - ASIENTO SECUNDARIO - NOMBRE PERSONAL
Nombre personal Sánchez Díaz, Sergio G.,
Función o responsabilidad del autor coord.
942 ## - TIPO DE MATERIAL (KOHA)
Tipo de Item KOHA Libro
Existencias
No para Préstamo Colección Biblioteca de Origen Biblioteca Permanente Fecha de Adquisición Fuente de Adquisicion Total de Préstamos Signatura Topográfica Código de Barras Última vez visto Tipo de Material
Material en Reserva General Biblioteca Central Estatal de Guanajuato, "Wigberto Jiménez Moreno" Biblioteca Central Estatal de Guanajuato, "Wigberto Jiménez Moreno" 16/01/2026 DONAD   306.766 R696c BCEG8655230751 20/02/2026 Libro